[Event "Porto San Giorgio op 20th"]
[Site "Porto San Giorgio"]
[Date "2008.08.28"]
[Round "8"]
[White "Cappai, Davide"]
[Black "Buono, Michele"]
[Result "1/2-1/2"]
[WhiteElo "2122"]
[BlackElo "2194"]
[PlyCount "20"]
[EventDate "2008.08.21"]
[EventType "swiss"]
[EventRounds "9"]
[EventCountry "ITA"]
[SourceTitle "CBM 126 Extra"]
[Source "ChessBase"]
[SourceDate "2008.11.05"]
[SourceVersion "1"]
[SourceVersionDate "2008.11.05"]
[SourceQuality "1"]

1. b3 e5 2. Bb2 d6 3. e3 Nf6 4. Nf3 Be7 5. d4 exd4 6. Nxd4 d5 7. Bd3 0-0 8. Nf5 Bb4+ 9. c3 Bxf5 10. Bxf5 Ba5 1/2-1/2

[Event "Bratto op-A 27th"]
[Site "Bratto"]
[Date "2007.08.26"]
[Round "4"]
[White "Melotti, Dario"]
[Black "Buono, Michele"]
[Result "1/2-1/2"]
[WhiteElo "2067"]
[BlackElo "2170"]
[PlyCount "46"]
[EventDate "2007.08.23"]
[EventType "swiss"]
[EventRounds "9"]
[EventCountry "ITA"]
[SourceTitle "CBM 120 Extra"]
[Source "ChessBase"]
[SourceDate "2007.11.01"]
[SourceVersion "1"]
[SourceVersionDate "2007.11.01"]
[SourceQuality "1"]

1. c4 Nf6 2. Nf3 g6 3. Nc3 c5 4. d4 cxd4 5. Nxd4 Bg7 6. g3 0-0 7. Bg2 Nc6 8. 0-0 Nxd4 9. Qxd4 d6 10. Qd2 Rb8 11. b3 Bf5 12. Bb2 Qa5 13. Rfd1 Rfc8 14. a3 Be6 15. Nd5 Qxd2 16. Rxd2 Nxd5 17. Bxg7 Kxg7 18. Bxd5 Bd7 19. a4 Kf6 20. f4 Bc6 21. Kf2 Rc7 22. Bf3 g5 23. Rd4 Bxf3 1/2-1/2

[Event "Bratto op-A 27th"]
[Site "Bratto"]
[Date "2007.08.23"]
[Round "1"]
[White "Buono, Michele"]
[Black "Epishin, Vladimir"]
[Result "0-1"]
[WhiteElo "2170"]
[BlackElo "2587"]
[PlyCount "122"]
[EventDate "2007.08.23"]
[EventType "swiss"]
[EventRounds "9"]
[EventCountry "ITA"]
[SourceTitle "CBM 120 Extra"]
[Source "ChessBase"]
[SourceDate "2007.11.01"]
[SourceVersion "1"]
[SourceVersionDate "2007.11.01"]
[SourceQuality "1"]

1. e4 c5 2. a3 g6 3. c3 d5 4. e5 Nh6 5. b4 c4 6. d4 cxd3 7. Bxd3 Nc6 8. f4 Bg7 9. Nf3 0-0 10. 0-0 f6 11. exf6 Bxf6 12. Ra2 Bf5 13. Re2 Qd7 14. Kh1 Bxd3 15. Qxd3 Qf5 16. Rd1 Rad8 17. Be3 Qh5 18. Nbd2 Nf5 19. Bf2 Qg4 20. b5 Na5 21. Bxa7 Qxf4 22. Bb6 Rd6 23. Bxa5 Qa4 24. Bb4 Qxd1+ 25. Re1 Qa4 26. Bxd6 Nxd6 27. Qxd5+ Kh8 28. Ne4 Nxe4 29. Qxe4 Qxb5 30. Rb1 Qc6 31. Qxc6 bxc6 32. Rb6 Ra8 33. Rxc6 Rxa3 34. Kg1 Bxc3 35. Re6 Bf6 36. Kf2 Ra4 37. h3 h5 38. Nd2 Kg7 39. Kf3 Ra3+ 40. Ke2 Ra2 41. Kd3 Bg5 42. Nf3 Rxg2 43. Nxg5 Rxg5 44. Rxe7+ Kf6 45. Re3 Re5 46. Rg3 g5 47. Kd4 Re1 48. Rf3+ Kg6 49. Rg3 h4 50. Rf3 Kh5 51. Kd3 Re5 52. Rf8 Kg6 53. Rg8+ Kf7 54. Ra8 Re1 55. Kd2 Rh1 56. Ra3 g4 57. Ra7+ Ke6 58. Ra6+ Kd5 59. Ra5+ Kc6 60. hxg4 h3 61. Ra6+ Kd7 0-1

[Event "ITA-ch U20"]
[Site "Porto San Giorgio"]
[Date "2004.08.28"]
[Round "9"]
[White "Buono, Michele"]
[Black "Vocaturo, Daniele"]
[Result "0-1"]
[WhiteElo "2098"]
[BlackElo "2221"]
[PlyCount "102"]
[EventDate "2004.08.20"]
[EventType "swiss"]
[EventRounds "9"]
[EventCountry "ITA"]
[SourceTitle "EXT 2005"]
[Source "ChessBase"]
[SourceDate "2004.11.15"]
[SourceVersion "1"]
[SourceVersionDate "2004.11.15"]
[SourceQuality "1"]

1. Nf3 d6 2. d4 Nf6 3. c4 g6 4. Nc3 Bg7 5. Bg5 0-0 6. Qd2 c5 7. Bh6 cxd4 8. Nxd4 Nc6 9. Bxg7 Kxg7 10. e4 Qb6 11. Rd1 Nxd4 12. Qxd4 Qxb2 13. Be2 Qb6 14. Qxb6 axb6 15. Rb1 Ra3 16. Kd2 Nd7 17. Rb4 Nc5 18. Rhb1 f5 19. exf5 Rxf5 20. f3 Rh5 21. h3 Rg5 22. Bf1 Bd7 23. Rxb6 Bc6 24. R6b2 Ne6 25. Re1 Kf6 26. Re3 Raa5 27. Ke1 Rge5 28. Kf2 Rxe3 29. Kxe3 h5 30. Bd3 Nc5 31. Bc2 Ra3 32. Bb3 h4 33. Nb1 Ra5 34. Rd2 Ne6 35. Nc3 g5 36. Ne2 Ke5 37. Rd1 Ra3 38. Nc1 Kf6 39. Nd3 Ba4 40. Nc1 Bxb3 41. axb3 Ra1 42. Re1 Nf4 43. Rg1 Rb1 44. Kd2 Rb2+ 45. Kc3 Rxg2 46. Rxg2 Nxg2 47. Nd3 Kf5 48. Kd4 Nf4 49. Nf2 Ne6+ 50. Kd5 Nc7+ 51. Kd4 Kf4 0-1

[Event "ITA-ch U20"]
[Site "Porto San Giorgio"]
[Date "2004.08.27"]
[Round "8"]
[White "Lettieri, Giuseppe"]
[Black "Buono, Michele"]
[Result "1/2-1/2"]
[WhiteElo "2144"]
[BlackElo "2098"]
[PlyCount "76"]
[EventDate "2004.08.20"]
[EventType "swiss"]
[EventRounds "9"]
[EventCountry "ITA"]
[SourceTitle "EXT 2005"]
[Source "ChessBase"]
[SourceDate "2004.11.15"]
[SourceVersion "1"]
[SourceVersionDate "2004.11.15"]
[SourceQuality "1"]

1. e4 g6 2. d4 Bg7 3. Be3 d6 4. Nc3 Nf6 5. f3 c6 6. Qd2 b5 7. a4 b4 8. Nd1 a5 9. c3 bxc3 10. bxc3 Ba6 11. Bxa6 Nxa6 12. Bh6 0-0 13. Bxg7 Kxg7 14. Ne2 Qc7 15. Ng3 c5 16. 0-0 cxd4 17. cxd4 Nb4 18. Ne3 Rfc8 19. Ra3 Rab8 20. h4 h5 21. f4 Nc2 22. Rc1 Rb1 23. Rxb1 Nxa3 24. Rd1 Nc4 25. Nxc4 Qxc4 26. Qxa5 Qb3 27. Qe1 Qxa4 28. f5 Ng4 29. fxg6 fxg6 30. Qd2 Rc2 31. Nxh5+ Kh7 32. Qg5 Rxg2+ 33. Kxg2 Qxd1 34. Qxe7+ Kh6 35. Qg5+ Kh7 36. Nf6+ Nxf6 37. Qxf6 Qe2+ 38. Kg3 Qe3+ 1/2-1/2

[Event "ITA-ch U20"]
[Site "Porto San Giorgio"]
[Date "2004.08.25"]
[Round "6"]
[White "Buono, Michele"]
[Black "Mora, Lorenzo"]
[Result "1-0"]
[WhiteElo "2098"]
[BlackElo "1844"]
[PlyCount "83"]
[EventDate "2004.08.20"]
[EventType "swiss"]
[EventRounds "9"]
[EventCountry "ITA"]
[SourceTitle "EXT 2005"]
[Source "ChessBase"]
[SourceDate "2004.11.15"]
[SourceVersion "1"]
[SourceVersionDate "2004.11.15"]
[SourceQuality "1"]

1. e4 e5 2. Bc4 Nf6 3. Nc3 Bc5 4. d3 d6 5. Na4 Bb6 6. Nxb6 axb6 7. Ne2 Nc6 8. a3 d5 9. exd5 Nxd5 10. 0-0 Be6 11. f4 f6 12. Qe1 0-0 13. f5 Bf7 14. Qg3 Kh8 15. Qh4 Nde7 16. Be3 Nd5 17. Bd2 Qe7 18. Rf3 Qc5+ 19. Kh1 Nd4 20. Rh3 Bg8 21. b4 Qc6 22. Nxd4 exd4 23. Qxd4 Rfe8 24. Qg4 Re7 25. Rg3 Rae8 26. h4 Qd7 27. h5 Ne3 28. Bxe3 Bxc4 29. Bd4 Bb5 30. h6 Rf8 31. Rf1 Bc6 32. c4 Ba4 33. c5 Bc6 34. cxb6 cxb6 35. Bxb6 Ref7 36. Bc5 Re8 37. Bd4 gxh6 38. Qh4 Qd6 39. Rf4 Re1+ 40. Kh2 Re2 41. Qg4 Qb8 42. Bxf6+ 1-0

[Event "ITA-ch U20"]
[Site "Porto San Giorgio"]
[Date "2004.08.23"]
[Round "4"]
[White "Buono, Michele"]
[Black "Valsecchi, Alessio"]
[Result "1/2-1/2"]
[WhiteElo "2098"]
[BlackElo "1739"]
[PlyCount "70"]
[EventDate "2004.08.20"]
[EventType "swiss"]
[EventRounds "9"]
[EventCountry "ITA"]
[SourceTitle "EXT 2005"]
[Source "ChessBase"]
[SourceDate "2004.11.15"]
[SourceVersion "1"]
[SourceVersionDate "2004.11.15"]
[SourceQuality "1"]

1. e4 c5 2. c4 Nc6 3. f4 g6 4. Nc3 Bg7 5. Nf3 d6 6. Be2 Nf6 7. 0-0 Nd4 8. d3 Nxe2+ 9. Qxe2 0-0 10. Kh1 a6 11. Be3 Rb8 12. d4 b6 13. Rfd1 Qc7 14. Rac1 Bb7 15. Bg1 Rfc8 16. d5 Nd7 17. Qd3 Re8 18. Rc2 Rbd8 19. Re2 Nf8 20. Bf2 e6 21. Bh4 Rd7 22. Rde1 Qb8 23. Qc2 b5 24. b3 Bc8 25. Qd3 b4 26. Nd1 a5 27. Nf2 Ra7 28. h3 a4 29. Rd1 axb3 30. axb3 Ra6 31. g4 Bd7 32. Bg3 exd5 33. exd5 Rxe2 34. Qxe2 Qe8 35. Qd3 Ra3 1/2-1/2

[Event "ITA-ch U20 26th"]
[Site "Bratto"]
[Date "2003.08.23"]
[Round "3"]
[White "Buono, Michele"]
[Black "Lampl, Gerald"]
[Result "1-0"]
[WhiteElo "2129"]
[BlackElo "1600"]
[PlyCount "41"]
[EventDate "2003.08.21"]
[EventType "swiss"]
[EventRounds "9"]
[EventCountry "ITA"]
[SourceTitle "EXT 2007"]
[Source "ChessBase"]
[SourceDate "2006.11.23"]
[SourceVersion "1"]
[SourceVersionDate "2006.11.23"]
[SourceQuality "1"]

1. e4 d5 2. exd5 Nf6 3. Bb5+ Bd7 4. Bc4 b5 5. Bb3 a5 6. a3 c6 7. dxc6 Bxc6 8. Nf3 e6 9. d4 Nbd7 10. 0-0 Nb6 11. c3 Bd6 12. Re1 Nfd7 13. d5 Bb7 14. dxe6 fxe6 15. Qxd6 Nf8 16. Rxe6+ Nxe6 17. Qxe6+ Qe7 18. Qxb6 Bxf3 19. Qxb5+ Kf8 20. Qf5+ Ke8 21. Ba4+ 1-0

[Event "ITA-ch U20 26th"]
[Site "Bratto"]
[Date "2003.08.21"]
[Round "1"]
[White "Buono, Michele"]
[Black "Trazzi, Enrico"]
[Result "1/2-1/2"]
[WhiteElo "2129"]
[BlackElo "1600"]
[PlyCount "54"]
[EventDate "2003.08.21"]
[EventType "swiss"]
[EventRounds "9"]
[EventCountry "ITA"]
[SourceTitle "EXT 2007"]
[Source "ChessBase"]
[SourceDate "2006.11.23"]
[SourceVersion "1"]
[SourceVersionDate "2006.11.23"]
[SourceQuality "1"]

1. e4 g6 2. d4 Bg7 3. Nc3 c6 4. Bc4 d6 5. Be3 Nd7 6. Qd2 Qc7 7. Bb3 e5 8. 0-0-0 Ne7 9. Nf3 0-0 10. h4 h5 11. Bh6 Nf6 12. Bxg7 Kxg7 13. Ng5 Nh7 14. Nxf7 Rxf7 15. Bxf7 Kxf7 16. f4 exf4 17. Qxf4+ Kg7 18. d5 Bg4 19. Rd2 Rd8 20. Re1 cxd5 21. exd5 Nf5 22. Qf2 a6 23. Ne2 Bxe2 24. Rexe2 Nf6 25. Qf4 Ng4 26. Qg5 Ne5 27. Rf2 Rf8 1/2-1/2